00956nam a2200289Ia 4500001000700000003000500007008004100012010001100053020002200064040000900086082001600095100002500111245015100136250002000287260003000307300001700337500007200354503001800426650001100444650004300455650002800498650003900526650002200565650003100587700002400618700002400642Z_6710CHAP220113s9999 xx 000 0 und d a169983 a978-84-282-1543-5 cCHAP a636.408 K56 aKlober, Kelly, 1949- aGuía de la cría de cerdos : cuidados, instalaciones, gestión, razas /cKelly Klober ; traducción Betty Trabal; ilustraciones Elayne Sears aNueva edición aEspaña :bOmega,c  aviii, 398 p. aTraducción de la obra en inglés: Storey's guide to raising pigs aej.1: consumo aCerdos aCerdos xx Alimentación y alimentos aCerdos xx Alojamiento aCerdos xx Cría y explotación aCerdos xx Razas aCerdos xx Reproducción a Sears, Elayne, il. aTrabal, Betty, tr.